Costa Rica se suma al protocolo marco de integración

में बचाया:
ग्रंथसूची विवरण
स्वरूप: मूलपाठ
विषय:
टैग: टैग जोड़ें
कोई टैग नहीं, इस रिकॉर्ड को टैग करने वाले पहले व्यक्ति बनें!

MARC

LEADER 00000 a a2200000 04500
001 5975
003
040
245 |a Costa Rica se suma al protocolo marco de integración  
650 |a INTEGRACION REGIONAL  
650 |a ORGANIZACIONES INTERGUBERNAMENTALES  
650 |a SOCIEDAD CIVIL  
650 |a ODECA  
650 |a COMERCIO INTERNACIONAL  
650 |a POLITICA  
773 |g volumen 16, número 668; páginas 10-11  
999 |c 20908  |d 20908